000 00815cam a22002531 4500
001 25588
003 BD-RjUL
005 20211209050911.0
008 r19621944enkhabc b 001 0 eng d
035 _a(BD-RjUL)25658
040 _aDLC
_cDLC
_dDLC
_dBD-RjUL
_beng
041 _aeng
082 0 0 _a944.04
_bTHF 1962
100 1 _aThompson, J. M.
_q(James Matthew),
_d1878-1956.
_976017
245 1 4 _aThe French Revolution /
_c J. M. Thompson,
250 _a2nd ed.
260 _aOxford :
_bB. Blackwell,
_c1944 [Reprinted 1962]
300 _axvi, 544 p. :
_billus., ports., maps, diagrs., facsims. ;
_c23 cm.
504 _a"The fifty best books on the Revolution": p. iii-v.
651 0 _aFrance
_xHistory
_yRevolution, 1789-1799.
_978663
942 _2ddc
_cBK
999 _c25588
_d25588